Horticultura
Gespeichert in:
| Körperschaft: | |
|---|---|
| Format: | Buch |
| Sprache: | Spanisch |
| Veröffentlicht: |
Cuernavaca
Secretaría de Educación Pública
1990
Cuernavaca Trillas 1990 |
| Ausgabe: | 2a. ed |
| Schriftenreihe: | Manuales para Educación Agropecuaria. Area Producción Vegetal, 15
|
| Schlagworte: | |
| Tags: |
Tag hinzufügen
Keine Tags, Fügen Sie den ersten Tag hinzu!
|
MARC
| LEADER | 00000cam a2200000 a 4500 | ||
|---|---|---|---|
| 001 | UCC1965 | ||
| 003 | CL-VaPUC | ||
| 008 | 171214e19900000mx |||||||||||||||||spa|d | ||
| 020 | |a 968243789X | ||
| 082 | 0 | 4 | |a 631.5 |b SEC |2 21 |
| 110 | 2 | |a Secretaría de Educación Pública |e author |9 596079 | |
| 245 | 1 | 0 | |a Horticultura |
| 250 | |a 2a. ed | ||
| 300 | |a 112 p | ||
| 942 | |c BK | ||
| 945 | |d 20171214 17:05:00 |a dcastane | ||
| 260 | |a Cuernavaca |b Secretaría de Educación Pública |c 1990 | ||
| 260 | |a Cuernavaca |b Trillas |c 1990 | ||
| 650 | 0 | |a Hortalizas |9 259501 | |
| 650 | 0 | |a Cultivo de hortalizas |9 338094 | |
| 583 | |a last modification |c 20171214 17:05:00 |k Rodrigo Vera | ||
| 490 | 0 | |a Manuales para Educación Agropecuaria. Area Producción Vegetal, 15 | |
| 999 | |c 370289 |d 370287 | ||
| 952 | |0 0 |1 0 |3 erb |4 0 |6 631_500000000000000_SEC_1990_1990 |7 0 |8 A |9 486674 |a BIBALI |b BIBALI |c GEN |i 5442869 |o 631.5 SEC 1990 1990 |p 5442869 |r 2025-01-20 |w 2019-11-24 |y BK |z Catalogado en:20171214 |k ALI | ||